00334nam a22001457a 4500003000400000008004100004100002600045245002300071250000900094260003700103300000700140650001200147942001200159999001700171OSt250519b |||||||| |||| 00| 0 eng d aSHARMA, Benni Parsadh aSant Guru Ravidash a23th aNew DelhibUmang Prakashanc2023 a78 aGeneral 2ddccBK c13593d13593